| 000 | 00364nam a2200145Ia 4500 | ||
|---|---|---|---|
| 008 | 241014s9999||||xx |||||||||||||| ||und|| | ||
| 020 | _a978813122818-0 | ||
| 060 | _aWU 480 .M88 | ||
| 100 | _aMuthu and Sivakumar | ||
| 245 | 0 | _aPediatrics Dentistry Principles and Practice | |
| 250 | _a2nd | ||
| 260 |
_bElsevier _c2017 |
||
| 650 | _aDentistry | ||
| 942 |
_bDIDC _cBK |
||
| 999 |
_c5944 _d5944 |
||